000 00460nam a2200145Ia 4500
003 OSt
005 20260202103717.0
008 211028s2019 xx 000 0 und d
040 _cAIMIT LIBRARY
041 _aeng
100 _aNasir, Abdul; Dhananjaya, K.
_g1716003
_97984
245 _aFinancial statement analysis: a case study with reference to Barakha Overseas Traders Mangalore /
260 _aMangalore
_bRoyce Winfred Baretto.
_c2019
942 _2ddc
_cPRO
999 _c219552
_d219552